[Event "Oebro CXU Nytaar 2024"]
[Site "Copenhagen"]
[Date "2024.12.30"]
[Round "7.5"]
[White "Ochsner, Bjorn Moller"]
[Black "Kakulidis, Ellen"]
[Result "1-0"]
[WhiteElo "2503"]
[BlackElo "2037"]
[WhiteFideId "1416928"]
[BlackFideId "1444972"]
[EventDate "2024.12.27"]
[EventType "swiss"]
[EventRounds "7"]
[EventCountry "DEN"]
[SourceTitle "Live v. Obro Skakforening"]

1. e4 e5 2. Nf3 Nc6 3. Bb5 a6 4. Ba4 Bc5 5. c3 Nge7 6. d4 exd4 7. cxd4 Bb4+ 8. Nc3 d5 9. e5 Bg4 10. Be3 f6 11. exf6 gxf6 12. h3 Bh5 13. Qe2 Qd6 14. Rc1 O-O-O 15. a3 Bxc3+ 16. Rxc3 Rhg8 17. g4 Bg6 18. Nh4 Be8 19. Bc2 Bd7 20. Qf3 Rde8 21. Kd1 Qe6 22. Bxh7 Rh8 23. Bf5 Nxf5 24. Nxf5 Rh7 25. Kd2 Reh8 26. Rc5 Qe4 27. Qxe4 dxe4 28. h4 b6 29. Rc3 Bxf5 30. Rxc6 Bxg4 31. Rxf6 Bf3 32. Rc1 Kb7 33. Bg5 Rd7 34. Ke3 Rhh7 35. Rfc6 a5 36. Bf4 Rhf7 37. Be5 Rh7 38. Bg3 Rhf7 39. Bf4 Rh7 40. d5 Rxd5 41. Rxc7+ Ka6 42. Bg3 Rxc7 43. Rxc7 Kb5 44. Re7 Kc4 45. Be5 Rd3+ 46. Kf4 Rd2 47. Rc7+ Kb5 48. Kg3 Rd3 49. Rc3 Rxc3 50. Bxc3 Kc4 51. Kf4 Kd5 52. Kg5 Ke6 53. Kg6 e3 54. fxe3 Be4+ 55. Kg7 Bf3 56. a4 Kf5 57. Bd4 Kg4 58. Bxb6 Bd1 59. Bxa5 Bxa4 60. Bd8 Bc2 61. b4 Bd3 62. Be7 Kh5 63. Kf7 Kg4 64. Ke6 Kf3 65. Bg5 Kg4 66. Kd5 Be2 67. Kc5 Bf3 68. b5 Kf5 69. Kd6 Kg6 70. b6 Kf7 71. Kc7 1-0

[Event "Oebro CXU Nytaar 2024"]
[Site "Copenhagen"]
[Date "2024.12.30"]
[Round "7.6"]
[White "Hansen, Soren Bech"]
[Black "Gjesme, Marius Enevold"]
[Result "1/2-1/2"]
[WhiteElo "2256"]
[BlackElo "2118"]
[WhiteFideId "1400681"]
[BlackFideId "1466488"]
[EventDate "2024.12.27"]
[EventType "swiss"]
[EventRounds "7"]
[EventCountry "DEN"]
[SourceTitle "Live v. Obro Skakforening"]

1. e4 c5 2. Nf3 e6 3. g3 Nc6 4. Bg2 Nf6 5. Nc3 Be7 6. O-O O-O 7. Re1 e5 8. Nd5 d6 9. Nxe7+ Qxe7 10. c3 b5 11. h3 Bb7 12. d4 Rfe8 13. d5 Nb8 14. Nh4 c4 15. b3 cxb3 16. Qxb3 a6 17. a4 bxa4 18. Rxa4 Bc8 19. Ba3 g6 20. Qb6 Rd8 21. Bb4 Ne8 22. Ba5 Rd7 23. Qe3 Rb7 24. Nf3 Nd7 25. Nd2 Nc5 26. Rb4 Rb5 27. Rxb5 axb5 28. Bb4 Ra2 29. Bf1 Bd7 30. Rb1 Nc7 31. c4 bxc4 32. Bxc5 dxc5 33. Bxc4 Ra5 34. Qh6 Ne8 35. Kg2 Ra8 36. h4 Nd6 37. Rb6 f6 38. h5 g5 39. f4 exf4 40. e5 Qxe5 41. Rxd6 Qe1 42. Rxd7 Qxg3+ 43. Kh1 Qh3+ 44. Kg1 Qe3+ 45. Kh1 Qh3+ 46. Kg1 Qg3+ 47. Kh1 Qh3+ 1/2-1/2

[Event "Oebro CXU Nytaar 2024"]
[Site "Copenhagen"]
[Date "2024.12.30"]
[Round "7.7"]
[White "Jarlskov, Daniel Tuk Hartso"]
[Black "Medhus, Vitus Bondo"]
[Result "1/2-1/2"]
[WhiteElo "2100"]
[BlackElo "2275"]
[BlackFideId "1462547"]
[EventDate "2024.12.27"]
[EventType "swiss"]
[EventRounds "7"]
[EventCountry "DEN"]
[SourceTitle "Live v. Obro Skakforening"]

1. d4 d5 2. c4 e6 3. Nf3 Nf6 4. g3 dxc4 5. Bg2 c5 6. O-O Nc6 7. dxc5 Qxd1 8. Rxd1 Bxc5 9. Nbd2 c3 10. bxc3 O-O 11. Nb3 Be7 12. c4 Bd7 13. Bf4 Rac8 14. Bd6 b6 15. c5 Rfd8 16. Bxe7 Nxe7 17. cxb6 axb6 18. Ne5 Ba4 19. Rxd8+ Rxd8 20. e4 Nc6 21. Nxc6 Bxc6 22. e5 Bxg2 23. Kxg2 Nd5 24. a4 Ra8 25. a5 bxa5 26. Rxa5 Rb8 27. Nc5 g5 28. Ne4 h6 29. h3 Rb7 30. Nd6 Rd7 31. Ne4 Kg7 32. Ra3 Kg6 33. Rf3 Ra7 34. Nc3 Nxc3 35. Rxc3 Kf5 36. Re3 h5 37. Kf3 Ra4 38. Kg2 Ra7 39. Kf3 Ra4 40. Kg2 Re4 41. Rf3+ Kg6 42. Rf6+ Kg7 43. f4 gxf4 44. gxf4 Re3 45. Kh2 Re2+ 46. Kg3 Re3+ 47. Kg2 h4 1/2-1/2

[Event "Oebro CXU Nytaar 2024"]
[Site "Copenhagen"]
[Date "2024.12.30"]
[Round "7.9"]
[White "Moe, Mogens"]
[Black "Terryn, Ezra"]
[Result "0-1"]
[WhiteElo "2130"]
[BlackElo "2236"]
[WhiteFideId "1400550"]
[BlackFideId "233196"]
[EventDate "2024.12.27"]
[EventType "swiss"]
[EventRounds "7"]
[EventCountry "DEN"]
[SourceTitle "Live v. Obro Skakforening"]

1. e4 c5 2. Nf3 e6 3. d4 cxd4 4. Nxd4 Nf6 5. Nc3 Nc6 6. Be3 d5 7. exd5 exd5 8. Be2 Bb4 9. O-O O-O 10. Bg5 h6 11. Bh4 Re8 12. Qd3 Nxd4 13. Bxf6 Qxf6 14. Nxd5 Nxe2+ 15. Kh1 Qd6 16. Nxb4 Qxb4 17. Rae1 Ng3+ 0-1

[Event "Oebro CXU Nytaar 2024"]
[Site "Copenhagen"]
[Date "2024.12.30"]
[Round "7.10"]
[White "Loftgaard, Mikkel Vinh"]
[Black "Thorsbro, Peter"]
[Result "1/2-1/2"]
[WhiteElo "2221"]
[BlackElo "2139"]
[WhiteFideId "1468480"]
[BlackFideId "1406671"]
[EventDate "2024.12.27"]
[EventType "swiss"]
[EventRounds "7"]
[EventCountry "DEN"]
[SourceTitle "Live v. Obro Skakforening"]

1. e4 c6 2. d4 d5 3. exd5 cxd5 4. c4 Nf6 5. Nc3 Nc6 6. Nf3 Bg4 7. Be2 e6 8. h3 Bh5 9. O-O Be7 10. cxd5 Nxd5 11. Ne5 Bxe2 12. Qxe2 Nxc3 13. bxc3 Nxe5 14. Qxe5 O-O 15. Rb1 b6 16. Rd1 Rc8 17. Rd3 Qc7 18. Qe2 Rfd8 19. Rg3 Rd5 20. Bh6 g6 21. Rf3 Qc4 22. Qe4 Qxa2 23. Re1 Rh5 24. Qb7 Rf8 25. Bxf8 Kxf8 26. Qc8+ Kg7 27. Qd7 Bf6 28. g4 Qd5 29. Qxd5 Rxd5 30. Rd3 a5 31. Kg2 a4 32. Kf3 a3 33. Ra1 Ra5 34. Ke4 Be7 35. Rd2 b5 36. Rb1 b4 37. cxb4 Bxb4 38. Ra2 Be7 39. Rb7 Bf8 40. f4 Ra4 41. Kd3 1/2-1/2

[Event "Oebro CXU Nytaar 2024"]
[Site "Copenhagen"]
[Date "2024.12.30"]
[Round "7.11"]
[White "Saravana, Vedant Kumar"]
[Black "Zander, Emil"]
[Result "1/2-1/2"]
[WhiteElo "2021"]
[BlackElo "2214"]
[WhiteFideId "45059730"]
[BlackFideId "1467123"]
[EventDate "2024.12.27"]
[EventType "swiss"]
[EventRounds "7"]
[EventCountry "DEN"]
[SourceTitle "Live v. Obro Skakforening"]

1. e4 c5 2. Nf3 d6 3. d4 cxd4 4. Nxd4 Nf6 5. Nc3 a6 6. g3 e5 7. Nf3 Be7 8. Bg2 O-O 9. O-O Be6 10. Re1 b5 11. Bg5 Nbd7 12. Nd5 Bxd5 13. exd5 Nb6 14. Nh4 Qd7 15. Be3 Nc4 16. Bc1 Ne8 17. Nf3 f5 18. b3 Nb6 19. Ng5 Bxg5 20. Bxg5 Qc7 21. Rc1 Nf6 22. c4 bxc4 23. bxc4 Nbd7 24. c5 Nxc5 25. Rxe5 h6 26. Bxf6 Rxf6 27. Re6 Raf8 28. Rxf6 Rxf6 29. Qe2 Rf8 30. Rb1 a5 31. Qb5 a4 32. Qc6 Qe7 33. Qb5 f4 34. Qf1 f3 35. Bh3 Re8 36. Bg4 Qe4 37. h3 a3 38. Qd1 Rf8 39. Rc1 Rf7 40. Rc3 Rb7 41. Qxf3 Qe1+ 42. Kg2 Rf7 43. Re3 Rxf3 44. Rxe1 Rd3 45. Re3 Kf7 46. Kf3 Kf6 47. Ke2 Rxe3+ 48. Kxe3 Ke5 49. Bh5 Na6 50. Be2 Nb4 51. Bc4 1/2-1/2

[Event "Oebro CXU Nytaar 2024"]
[Site "Copenhagen"]
[Date "2024.12.30"]
[Round "7.12"]
[White "Meskenas, Paulius"]
[Black "Thuesen, Mogens Henrik"]
[Result "0-1"]
[WhiteElo "2203"]
[BlackElo "2193"]
[WhiteFideId "12809969"]
[BlackFideId "1400878"]
[EventDate "2024.12.27"]
[EventType "swiss"]
[EventRounds "7"]
[EventCountry "DEN"]
[SourceTitle "Live v. Obro Skakforening"]

1. e4 c5 2. Nf3 e6 3. c3 d5 4. exd5 exd5 5. d4 Nf6 6. Bd3 c4 7. Bc2 Bd6 8. O-O h6 9. Re1+ Be6 10. b3 cxb3 11. axb3 O-O 12. Nbd2 Nc6 13. c4 Re8 14. c5 Bc7 15. Nf1 Bg4 16. Rxe8+ Qxe8 17. Be3 Qe6 18. Qd2 Ne4 19. Bxe4 Qxe4 20. b4 Bxf3 21. gxf3 Qxf3 22. b5 Qg4+ 23. Kh1 Qe4+ 24. Kg1 Ne7 25. b6 Qg4+ 26. Ng3 Bxg3 27. fxg3 a6 28. Bf4 Nc6 29. Re1 a5 30. Qa2 Rd8 31. Re3 Qd1+ 32. Kg2 Qxd4 33. Qe2 Qxc5 34. Re8+ Rxe8 35. Qxe8+ Qf8 36. Qxc6 bxc6 37. b7 g5 38. Bc7 a4 39. b8=Q Qxb8 40. Bxb8 a3 41. Be5 f5 42. Kf3 c5 43. Ba1 Kf7 44. Ke3 Ke6 45. Kd3 h5 46. Kc3 f4 0-1

[Event "Oebro CXU Nytaar 2024"]
[Site "Copenhagen"]
[Date "2024.12.30"]
[Round "7.13"]
[White "Jalving, August"]
[Black "Porte, Henrik"]
[Result "1/2-1/2"]
[WhiteElo "2178"]
[BlackElo "2096"]
[WhiteFideId "1471759"]
[BlackFideId "1016326"]
[EventDate "2024.12.27"]
[EventType "swiss"]
[EventRounds "7"]
[EventCountry "DEN"]
[SourceTitle "Live v. Obro Skakforening"]

1. e4 c6 2. d4 d5 3. Nc3 dxe4 4. Nxe4 Bf5 5. Ng3 Bg6 6. h4 h6 7. Nf3 Nd7 8. h5 Bh7 9. Bd3 Bxd3 10. Qxd3 e6 11. Bd2 Ngf6 12. O-O-O Be7 13. Kb1 O-O 14. Ne4 Nxe4 15. Qxe4 Nf6 16. Qe2 Qd5 17. Ne5 Qe4 18. Qxe4 Nxe4 19. Be1 c5 20. f3 Nf6 21. Bh4 cxd4 22. Rxd4 Rad8 23. Nd7 e5 24. Bxf6 exd4 25. Bxe7 Rxd7 26. Bxf8 Kxf8 27. Kc1 f5 28. Kd2 Kf7 29. Kd3 Kf6 30. Rh4 Ke5 31. g3 Rd6 32. a3 Rd7 33. b3 b6 34. Rf4 Rd6 35. Rh4 Rd7 36. Rf4 Rd6 1/2-1/2

[Event "Oebro CXU Nytaar 2024"]
[Site "Copenhagen"]
[Date "2024.12.30"]
[Round "7.14"]
[White "Gregor, Bjarke"]
[Black "Rosenlund, Thorbjorn"]
[Result "1-0"]
[WhiteElo "2094"]
[BlackElo "2120"]
[WhiteFideId "1423401"]
[BlackFideId "1400614"]
[EventDate "2024.12.27"]
[EventType "swiss"]
[EventRounds "7"]
[EventCountry "DEN"]
[SourceTitle "Live v. Obro Skakforening"]

1. e4 c6 2. d4 g6 3. Nc3 Bg7 4. Be3 d5 5. e5 f6 6. f4 Nh6 7. h3 c5 8. dxc5 Be6 9. Nf3 Nf5 10. Bf2 h5 11. Bb5+ Nc6 12. Qe2 Kf7 13. O-O-O Bh6 14. Nxd5 Bxd5 15. Rxd5 Bxf4+ 16. Kb1 Qc7 17. Qc4 e6 18. Qxf4 g5 19. Nxg5+ fxg5 20. Qxg5 exd5 21. e6+ Kxe6 22. Re1+ Kf7 23. Qxf5+ Kg8 24. Qxd5+ Qf7 25. Qg5+ Kf8 26. Bg3 1-0

[Event "Oebro CXU Nytaar 2024"]
[Site "Copenhagen"]
[Date "2024.12.30"]
[Round "7.15"]
[White "Rasmussen, Matthias"]
[Black "Andries, Alf"]
[Result "0-1"]
[WhiteElo "1807"]
[BlackElo "2164"]
[WhiteFideId "1447890"]
[BlackFideId "1463373"]
[EventDate "2024.12.27"]
[EventType "swiss"]
[EventRounds "7"]
[EventCountry "DEN"]
[SourceTitle "Live v. Obro Skakforening"]

1. e4 c5 2. Nf3 Nc6 3. Be2 d6 4. d3 g6 5. Be3 Bg7 6. c3 Nf6 7. Nbd2 Ng4 8. Bg5 h6 9. Bh4 Nge5 10. O-O Nxf3+ 11. Nxf3 O-O 12. Nd2 Qc7 13. f4 e6 14. Bg3 b5 15. Qb3 Na5 16. Qc2 Rb8 17. Kh1 Bd7 18. Rae1 Nc6 19. Bg4 f5 20. exf5 gxf5 21. Bh5 b4 22. Nf3 Qa5 23. Nh4 bxc3 24. bxc3 Qxc3 25. Qf2 Rb2 26. Qe3 Nb4 27. Ng6 Nc2 28. Ne7+ Kh7 29. Bg6+ Kh8 30. Qf3 Nxe1 31. Qh5 Qxd3 32. Rxe1 Rb1 33. h3 Rxe1+ 34. Bxe1 Qf1+ 35. Kh2 Qxf4+ 36. Bg3 Qg5 37. Bxd6 Qxh5 38. Bxh5 c4 39. Ng6+ Kg8 40. Ne7+ Kh7 41. Bg6+ Kh8 42. Bh5 c3 43. Ng6+ Kg8 44. Bxf8 Bxf8 45. Bd1 Bc6 46. Bb3 Bd5 47. Bc2 Be4 0-1

[Event "Oebro CXU Nytaar 2024"]
[Site "Copenhagen"]
[Date "2024.12.30"]
[Round "7.16"]
[White "Brorsen, Jacob Abildlund"]
[Black "Li, Anna Sofie"]
[Result "1-0"]
[WhiteElo "2114"]
[BlackElo "2073"]
[WhiteFideId "1411233"]
[BlackFideId "1472119"]
[EventDate "2024.12.27"]
[EventType "swiss"]
[EventRounds "7"]
[EventCountry "DEN"]
[SourceTitle "Live v. Obro Skakforening"]

1. e4 e5 2. Nf3 Nc6 3. Bb5 a6 4. Ba4 Nf6 5. O-O Be7 6. d3 b5 7. Bb3 O-O 8. a4 Bb7 9. Nc3 b4 10. Nd5 a5 11. Be3 d6 12. Re1 h6 13. h3 Re8 14. Qd2 Bf8 15. Rad1 Nb8 16. Nxf6+ Qxf6 17. Nh2 Nd7 18. Bc4 Qg6 19. Rf1 Be7 20. Rde1 Rf8 21. Bb3 Kh8 22. f4 f5 23. fxe5 Nxe5 24. d4 Nd7 25. exf5 Rxf5 26. Rxf5 Qxf5 27. Bxh6 Bh4 28. Rf1 Qe4 29. Ng4 Re8 30. Bxg7+ 1-0

[Event "Oebro CXU Nytaar 2024"]
[Site "Copenhagen"]
[Date "2024.12.30"]
[Round "7.17"]
[White "Skou, Niels"]
[Black "Hove, Svend Kjems"]
[Result "0-1"]
[WhiteElo "2073"]
[BlackElo "1871"]
[WhiteFideId "1413155"]
[BlackFideId "1408194"]
[EventDate "2024.12.27"]
[EventType "swiss"]
[EventRounds "7"]
[EventCountry "DEN"]
[SourceTitle "Live v. Obro Skakforening"]

1. d4 c5 2. d5 e5 3. c4 g6 4. e4 d6 5. Bd3 Bg7 6. Nc3 Ne7 7. g4 O-O 8. g5 Nd7 9. Nb5 Nb6 10. h4 f5 11. gxf6 Bxf6 12. Bh6 Rf7 13. Qd2 Bg4 14. f3 Bh5 15. Rh3 Qd7 16. O-O-O a6 17. Na3 Na4 18. Bf1 Rb8 19. Rh2 b5 20. Bh3 Nf5 21. exf5 gxf5 22. Bg5 Bg7 23. Rg2 b4 24. Nb1 e4 25. Bh6 exf3 26. Rxg7+ Rxg7 27. Bxg7 Qxg7 28. Bxf5 f2 29. Be6+ Kh8 30. Ne2 Qe5 31. Rf1 Rf8 32. Ng1 fxg1=Q 33. Rxg1 Qd4 34. Qxd4+ cxd4 35. Nd2 Nc5 36. Rg5 Bg6 37. h5 Bd3 38. Rg4 Be2 39. Rxd4 Bxh5 40. b3 Be2 41. Rh4 Rf2 42. Ne4 Nxe4 43. Rxe4 Bd3 44. Rd4 Bg6 45. Rd2 Rf3 46. Bg4 Rg3 47. Be2 h5 48. c5 Rc3+ 49. Kd1 Rxc5 50. Rd4 a5 51. Bf3 Kg7 52. Rf4 Rc3 53. Be2 Re3 54. Kd2 Re5 55. Bf3 Bb1 56. Kc1 Bg6 57. Kd2 Kh6 58. Rc4 Rf5 59. Ke3 Kg5 60. Rc6 Rf6 61. Ra6 h4 62. Rxa5 h3 63. Ra4 h2 64. Bg2 Kg4 65. Rxb4+ Kg3 66. Bh1 Rf1 67. Bg2 Bh5 0-1

[Event "Oebro CXU Nytaar 2024"]
[Site "Copenhagen"]
[Date "2024.12.30"]
[Round "7.18"]
[White "Ahl, Eskil Rosenlund"]
[Black "Ramsdal, Lasse Andreas"]
[Result "1/2-1/2"]
[WhiteElo "1773"]
[BlackElo "1862"]
[WhiteFideId "1481789"]
[BlackFideId "1440675"]
[EventDate "2024.12.27"]
[EventType "swiss"]
[EventRounds "7"]
[EventCountry "DEN"]
[SourceTitle "Live v. Obro Skakforening"]

1. e4 c5 2. Nf3 d6 3. d3 Nc6 4. Nbd2 Bd7 5. g3 g6 6. Bg2 Bg7 7. c3 Ne5 8. Nxe5 dxe5 9. O-O Bb5 10. Nc4 e6 11. Qb3 Bc6 12. Be3 b6 13. Rfd1 Qd7 14. a4 Ne7 15. a5 b5 16. Na3 b4 17. cxb4 Ba4 18. Qc4 Bxd1 19. Rxd1 cxb4 20. Qxb4 O-O 21. Nc4 Nc6 22. Qc3 Rac8 23. Bc5 Nd4 24. Bxd4 Qxd4 25. Qxd4 exd4 26. f4 e5 27. fxe5 Rc5 28. Bh3 Re8 1/2-1/2

[Event "Oebro CXU Nytaar 2024"]
[Site "Copenhagen"]
[Date "2024.12.30"]
[Round "7.19"]
[White "Andries, Leia"]
[Black "Boje, Tobias Rosholm"]
[Result "0-1"]
[WhiteElo "1914"]
[BlackElo "2027"]
[WhiteFideId "1469207"]
[BlackFideId "1413643"]
[EventDate "2024.12.27"]
[EventType "swiss"]
[EventRounds "7"]
[EventCountry "DEN"]
[SourceTitle "Live v. Obro Skakforening"]

1. e4 c5 2. c3 d5 3. exd5 Qxd5 4. d4 Nf6 5. Nf3 Bg4 6. Nbd2 e6 7. Be2 Nc6 8. Nb3 cxd4 9. Nbxd4 Nxd4 10. Qxd4 Qxd4 11. Nxd4 Bxe2 12. Kxe2 O-O-O 13. Bg5 Be7 14. Rad1 Rd5 15. Nf3 Rhd8 16. Rxd5 Rxd5 17. Rd1 Rxd1 18. Kxd1 h6 19. Be3 Nd7 20. b4 a6 21. a4 Kc7 22. a5 e5 23. Kc2 f5 24. Kb3 g5 25. h3 Bf6 26. Bc1 e4 27. Nd2 Ne5 28. Nc4 f4 29. Nb2 Kc6 30. Bd2 Ng6 31. Nc4 Nh4 32. g3 Nf3 33. gxf4 gxf4 34. Bxf4 Ng1 35. Bxh6 Nxh3 36. Be3 Kd5 37. Nb6+ Ke6 38. c4 Bh4 39. Kc3 Nxf2 40. Kd4 Bf6+ 41. Kc5 Nd3# 0-1

[Event "Oebro CXU Nytaar 2024"]
[Site "Copenhagen"]
[Date "2024.12.30"]
[Round "7.20"]
[White "Lodahl, Holger Ronnow"]
[Black "Gronnemose, Freja Egelund"]
[Result "0-1"]
[WhiteElo "1880"]
[BlackElo "1956"]
[WhiteFideId "1427342"]
[BlackFideId "1474456"]
[EventDate "2024.12.27"]
[EventType "swiss"]
[EventRounds "7"]
[EventCountry "DEN"]
[SourceTitle "Live v. Obro Skakforening"]

1. d4 Nf6 2. c4 e5 3. dxe5 Ng4 4. Nf3 Bc5 5. e3 Nc6 6. Be2 Ncxe5 7. Nxe5 Nxe5 8. O-O O-O 9. Nd2 b6 10. Nf3 Ng6 11. Qd5 Rb8 12. Rd1 Qe7 13. Qh5 Re8 14. Bd3 Bb7 15. Ng5 h6 16. Nxf7 Be4 17. Bxe4 Qxe4 18. Rxd7 Re7 19. Rxe7 Bxe7 20. Nxh6+ gxh6 21. Qd5+ Qxd5 22. cxd5 h5 23. Bd2 Bd6 24. Bc3 Kf7 25. Re1 Re8 26. f3 h4 27. e4 Nf4 28. Bd2 Nd3 29. Rb1 Rg8 30. h3 Nf4 31. Bxf4 Bxf4 32. b3 Kf6 33. Rb2 Ke5 34. Rc2 c5 35. dxc6 Kd6 36. b4 b5 37. Rc3 Rc8 38. Ra3 Rxc6 39. Kf1 Rc1+ 40. Ke2 Rc2+ 41. Kd3 Rd2+ 42. Kc3 Rxg2 0-1